000 00376 a2200145 4500
001 169832
020 _a
040 _cMagnum
100 _aAgencia Regional de Noticias
240 1 0 _aClipping em educacao - 13/09/99 a 19/09/99 - ano i - nº
_lpor
245 1 0 _aClipping em educacao - 13/09/99 a 19/09/99 - ano i - nº
362 0 _a1899
697 _aENSINO
942 _cBK
999 _c169832
_d169832